000 00861nam a2200229Ii 4500
003 JO-AjNU
008 230605s9999||||xx |||||||||||||| ||und||
017 _a2020/10/4320
020 _a978-9957-12-999-8
040 _aJO-AjNU
_bara
_erda
_cJO-AjNU
041 _aara
050 1 4 _aHT421.2021
100 3 _aالطيب، هاشمي,
_eauthor
_964283
245 0 0 _aمدخل الى التنمية الريفية والمجتمع الريفي: مفاهيم - نظريات - سياسات
250 _aط1
264 3 1 _aعمان: دار اليازوري للنشر والتوزيع، 2021
300 _a210ص
336 _atext
_btxt
_2rdacontent
337 _aunmediated
_bn
_2rdamedia
338 _avolume
_bnc
_2rdacarrier
650 4 _aالتنمية- المناطق الريفية-علم الاجتماع الريفي-التنمية الريفية
_964284
999 _aA29205
_c32773
_d32773